- Siliceo Aguilar, Alfonso
Entry Nombre Personal
001 - NUMERO DE CONTROL
- campo de control: 30016
003 - IDENTIFICADOR DE NUMERO DE CONTROL
- campo de control: DLC
005 - FECHA Y HORA DE LA ÜLTIMA TRANSACCIÓN
- campo de control: 20220427110406.0
008 - DATOS DE LONGITUD FIJA
- campo de control de longitud fija: 220427|||ac|nnaaan a aaa d
010 ## - NÚMERO DE CONTROL DE LA BIBLIOTECA DEL CONGRESO
- Número de control LC: n 98019072
035 ## - NUMERO DE CONTROL
- Número de control: (OCoLC)oca04670501
040 ## - FUENTE DE CATALOGACIÓN
- Agencia original de catalogación: DLC
- Lenguaje de catalogación: spa
- Agencia de transcripción: DLC
- Agencia que lo modifica: OCoLC
- Agencia que lo modifica: MX-MxUPN
100 1# - ENCABEZAMIENTO - NOMBRE PERSONAL
- Nombre personal: Siliceo Aguilar, Alfonso
372 ## - CAMPO DE ACTIVIDAD
- Field of activity: Psicología
372 ## - CAMPO DE ACTIVIDAD
- Field of activity: Desarrollo humano
373 ## - GRUPO ASOCIADO
- Associated group: Instituto Tecnológico Autónomo de México
374 ## - OCUPACIÓN
- Occupation: Profesor universitario
374 ## - OCUPACIÓN
- Occupation: Consultor de empresas
375 ## - GÉNERO
- Gender: masculino
377 ## - LENGUA ASOCIADA
- Language code: spa
400 1# - VEÁSE - NOMBRE DE PERSONA
- Personal name: Aguilar, Alfonso Siliceo
670 ## - FUENTE EN LA QUE SE LOCALIZARON DATOS
- Cita de la fuente: Isla San Marcos, 1997:
- Información localizada: portada (Alfonso Siliceo Aguilar)
670 ## - FUENTE EN LA QUE SE LOCALIZARON DATOS
- Cita de la fuente: En la obra: Planeación de vida y carrera, 1992:
- Información localizada: portada (Alfonso Siliceo Aguilar; Profesor del área de Comportamiento humano en la Maestría de Administración del Instituto Tecnológico Autónomo de México. Director Académico de Psicología y Desarrollo Humano, S.C. Asesor en el área de Orientación y Desarrollo Humano. Consultor de Empresas. Autor de "Capacitación y Desarrollo de Personal)
902 ## - CATALOGADOR
- Catalogador: NDAF/220427
